NBA All Stars 1951-1969 - Statistics

General Stats
  • This quiz has been taken 20 times
  • The average score is 28 of 116
Answer Stats
Answer % Correct
Bill Russell
100%
Wilt Chamberlain
100%
Bob Cousy
92%
Bob Pettit
83%
George Mikan
83%
Jerry West
83%
Adrian Smith
75%
Elgin Baylor
75%
Gus Johnson
75%
Oscar Robertson
75%
Sam Jones
75%
Neil Johnston
67%
Paul Arizin
67%
Rick Barry
67%
Hal Greer
58%
Nate Thurmond
58%
Wes Unseld
58%
Willis Reed
58%
Bill Sharman
50%
Dolph Schayes
50%
Elvin Hayes
50%
Gail Goodrich
50%
John Havlicek
50%
Johnny Green
50%
Tom Heinsohn
50%
Billy Cunningham
42%
Dave DeBusschere
42%
Ed Macauley
42%
Joe Fulks
42%
Vern Mikkelsen
42%
Walt Bellamy
42%
Cliff Hagan
33%
Earl Monroe
33%
George Yardley
33%
Jack George
33%
Jerry Lucas
33%
Jim Pollard
33%
Luke Jackson
33%
Bob Davies
25%
Jack Twyman
25%
Lenny Wilkens
25%
Lou Hudson
25%
Maurice Stokes
25%
Slater Martin
25%
Tom Gola
25%
Wayne Embry
25%
Arnie Risen
17%
Bailey Howell
17%
Dave Bing
17%
Guy Rodgers
17%
Harry Gallatin
17%
Johnny Kerr
17%
Larry Foust
17%
Max Zaslofsky
17%
Red Kerr
17%
Richie Guerin
17%
Rudy LaRusso
17%
Tom Meschery
17%
Archie Clark
8%
Bill Bridges
8%
Bob Harrison
8%
Carl Braun
8%
Chet Walker
8%
Clyde Lovellette
8%
Dick Barnett
8%
Dick Garmaker
8%
Dick McGuire
8%
Dick Van Arsdale
8%
Don Kojis
8%
Frank Selvy
8%
Hot Rod Hundley
8%
Jack Coleman
8%
Jeff Mullins
8%
Jerry Sloan
8%
Jim King
8%
Jon McGlocklin
8%
Len Chappell
8%
Red Rocha
8%
Walter Dukes
8%
Walt Hazzard
8%
Willie Naulis
8%
Alex Groza
0%
Andy Phillip
0%
Billy Gabor
0%
Bob Boozer
0%
Bobby Wanzer
0%
Chuck Noble
0%
Clyde Lee
0%
Darrall Imhoff
0%
Don Barksdale
0%
Don Ohl
0%
Don Sunderlage
0%
Dwight Eddleman
0%
Eddie Miles
0%
Frank Brian
0%
Fred Schaus
0%
Fred Scolari
0%
Gene Shue
0%
Jack Molinas
0%
Joe Caldwell
0%
Ken Murray
0%
Kenny Sears
0%
Larry Costello
0%
Lee Shaffer
0%
Leo Barnhorst
0%
Mel Hutchins
0%
Nathaniel Clifton
0%
Paul Seymour
0%
Paul Walther
0%
Ralph Beard
0%
Ray Felix
0%
Richie Regan
0%
Terry Dischinger
0%
Vince Boryla
0%
Woody Sauldsberry
0%
Zelmo Beaty
0%
No matching quizzes found
Score Distribution
Percent of People with Each Score
Percentile by Number Answered
Your Score History
You have not taken this quiz